Commentariorvm ivris civilis in hispaniae regias constitvciones
Uloženo v:
| Hlavní autor: | |
|---|---|
| Médium: | Kniha |
| Jazyk: | latina |
| Vydáno: |
s.l
Ioannem Keerbergivm
1618
|
| Témata: | |
| Tagy: |
Přidat tag
Žádné tagy, Buďte první, kdo vytvoří štítek k tomuto záznamu!
|
MARC
| LEADER | 00000nam a2200000 a 4500 | ||
|---|---|---|---|
| 001 | UCR3202 | ||
| 003 | CL-VaPUC | ||
| 008 | 980124e16180000be |||||||||||||||||lat|d | ||
| 082 | 0 | 4 | |a 346.46 |b AZE |2 21 |
| 100 | 0 | |a Azevedo, Alphonso de |e author |9 402067 | |
| 245 | 1 | 0 | |a Commentariorvm ivris civilis in hispaniae regias constitvciones |
| 300 | |a 6 v | ||
| 942 | |c BK | ||
| 945 | |d 19980124 00:00:00 |a cmena | ||
| 260 | |a s.l |b Ioannem Keerbergivm |c 1618 | ||
| 650 | 0 | |a Derecho civil |9 255013 | |
| 650 | 0 | |a Código civil |9 256135 | |
| 650 | 0 | |a Constituciones |9 255417 | |
| 650 | 0 | |a Derecho español |9 255291 | |
| 650 | 7 | |a DERECHO PENAL |2 CL-VaPUC |9 11 | |
| 650 | 0 | |a Delitos |9 224143 | |
| 650 | 0 | |a Administración pública |9 255343 | |
| 650 | 0 | |a Derecho comercial |9 256340 | |
| 650 | 0 | |a Familias |9 255641 | |
| 650 | 0 | |a Derecho sucesorio |9 255015 | |
| 650 | 7 | |a DERECHO CANONICO |2 CL-VaPUC |9 402068 | |
| 583 | |a last modification |c 20171115 10:54:54 |k Rodrigo Vera | ||
| 999 | |c 266298 |d 266296 | ||
| 952 | |0 0 |1 0 |4 0 |6 346_460000000000000_AZE_1618 |7 0 |8 DER_HIS |9 297739 |a BIBDER |b BIBDER |d 2019-11-20 |h v.1-2 |i 1904361 |l 1 |m 1 |o 346.46 AZE 1618 |p 1904361 |r 2023-01-25 |s 2020-03-17 |w 2019-11-20 |x Ubicación 4to Piso |y BK_X |z Estos recursos deben solicitarse con anticipación |k DER | ||
| 952 | |0 0 |1 0 |4 0 |6 346_460000000000000_AZE_1618 |7 0 |8 DER_HIS |9 297740 |a BIBDER |b BIBDER |d 2019-11-20 |h v.3-4 |i 190437K |l 1 |o 346.46 AZE 1618 |p 190437K |r 2023-01-25 |s 2020-03-17 |w 2019-11-20 |x Ubicación 4to Piso |y BK_X |z Estos recursos deben solicitarse con anticipación |k DER | ||
| 952 | |0 0 |1 0 |4 0 |6 346_460000000000000_AZE_1618 |7 0 |8 DER_HIS |9 297741 |a BIBDER |b BIBDER |d 2019-11-20 |h v.5-6 |i 1904388 |l 1 |o 346.46 AZE 1618 |p 1904388 |r 2023-01-25 |s 2020-03-17 |w 2019-11-20 |x Ubicación 4to Piso |y BK_X |z Estos recursos deben solicitarse con anticipación |k DER | ||